00746nam a22002177a 450000500170000001000110001702000100002803500110003803700160004904000120006508200150007710000280009224500770012026000460019727000770024330000270032049000600034750000510040765000480045865000220050620170124105922.0 a841520 c00.00 a841520 bCen Lib/Ret aDPLbEN a379.2bTHI aThiagarajan, Sivasailam aProgrammed instruction for literacy workers /cby Sivasailam Thiagarajan aIranbHulton Education Publicationsc1976 aRaans Road, Amersham, Bucks, in co-operation with the I.I.A.L.M,bTehran a136p.:c22cm(Hb)bill. aLiteracy in development: a series of training monograph aIncludes bibliographical references and index aProgrammed instruction--Study and teaching  aLiteracy programs